Score 0/10 Timer 03:00
0 Plays Today
% Correct
Countries of Africa
85.2%
Countries of the World
84.4%
Smallest Countries by Continent
75.8%
Least Populous Country of Africa per letter Minefield
74.8%
Countries Ending in 'E'
74.8%
9-Letter Countries
69.5%
Borderless Countries
67.4%
Countries of the Portuguese Empire
66.8%
African Union Members
63.8%
Flags by Number of Stars
44.8%
Remove Ads.
Support Sporcle.
Get the best of Sporcle when you Go Orange. This ad-free experience offers more features, more stats, and more fun while also helping to support Sporcle. Thank you for becoming a member.

You're not logged in!

Compare scores with friends on all Sporcle quizzes.
OR
Log In

Show Comments

Extras

Top Quizzes Today


Score Distribution

Your Account Isn't Verified!

In order to create a playlist on Sporcle, you need to verify the email address you used during registration. Go to your Sporcle Settings to finish the process.

Report this User

Report this user for behavior that violates our Community Guidelines.

Details: